000 00883nam a2200253 i 4500
001 87038
003 ES-MaACL
005 20230906175558.0
007 t|
008 041217s1969 sp ||||1| spa d
100 1 _aKluckhohn, Clyde.
_968305
245 1 3 _aLa personalidad en la naturaleza, la sociedad y la cultura /
_cdirectores, Clyde Kluckhohn, Henry A. Murray, David M. Schneider ; [versión por Hortensia E. Acosta].
250 _a1ª ed. en español.
260 _aBarcelona :
_bGrijalbo,
_c1969.
300 _a716 p. :
_bgráf. ;
_c24 cm.
490 1 _aTratados y manuales Grijalbo
650 _aPersonalidad y cultura.
_9173671
700 1 _aMurray, Henry A.
_984637
700 1 _aSchneider, David M.
_9104552
700 1 _aAcosta, Hortensia E.
_918294
830 1 _aTratados y manuales Grijalbo
_9184019
852 _aES-MaACL
_jC-37886
999 _c87038
_d87038